Defensa oral / (Record no. 164463)

MARC details
000 -LEADER
campo de control de longitud fija 00731nam a22002055i 4500
001 - NÚMERO DE CONTROL
campo de control 164463
003 - IDENTIFICADOR DE NÚMERO DE CONTROL
campo de control ES-MaACL
005 - FECHA Y HORA DE LA ÚLTIMA TRANSACCIÓN
campo de control 20250809040758.0
008 - DATOS DE LONGITUD FIJA--INFORMACIÓN GENERAL
campo de control de longitud fija 960307s1849 sp |||| | spa d
040 ## - FUENTE DE CATALOGACIÓN
Centro catalogador/agencia de origen CLM
Lengua de catalogación spa
Centro/agencia transcriptor CLM
100 1# - ENTRADA PRINCIPAL--NOMBRE DE PERSONA
Nombre de persona Salmerón Alonso, Francisco.
9 (RLIN) 132241
245 10 - MENCIÓN DEL TÍTULO
Título Defensa oral /
Mención de responsabilidad, etc. hecha por el licenciado D. Francisco Salmerón Alonso a nombre del impresor del Resumen Histórico de la campaña sostenida en el territorio vasco-navarro...
260 ## - PUBLICACIÓN, DISTRIBUCIÓN, ETC.
Lugar de publicación, distribución, etc. Madrid :
Nombre del editor, distribuidor, etc. [s.n.],
Fecha de publicación, distribución, etc. 1849.
300 ## - DESCRIPCIÓN FÍSICA
Extensión 70 p. ;
Dimensiones 20 cm.
500 #1 - NOTA GENERAL
Nota general Incluye sentencia.
650 17 - PUNTO DE ACCESO ADICIONAL DE MATERIA--TÉRMINO DE MATERIA
Término de materia o nombre geográfico como elemento de entrada Derecho procesal
Fuente del encabezamiento o término embne
9 (RLIN) 135900
752 ## - ENTRADA AGREGADA--NOMBRE JERÁRQUICO DEL LUGAR
País o entidad superior España -
Ciudad Madrid
852 ## - LOCALIZACIÓN
Ubicación ES-MaACL
Número de control de estantería D-5083(2)
Nota libre -- Enc. hol.
Holdings
Estatus retirado Estado de pérdida Estado de daño No para préstamo Colección Biblioteca de origen Biblioteca actual Ubicación en estantería Fecha de adquisición Fuente de adquisición Total de préstamos Signatura topográfica completa Código de barras Visto por última vez Precio de reemplazo Tipo de ítem Koha
        Libros del s. XIX Biblioteca del Ateneo de Madrid Biblioteca del Ateneo de Madrid Sala Valle Inclán 17/01/2008     D-5083(2) 901172392 23/02/2023 23/02/2023 Libro impreso antiguo